| 000 | 01012cam a2200145ua 4500 | ||
|---|---|---|---|
| 041 |
_aeng _h |
||
| 082 |
_a691.327 _bIND/CO |
||
| 110 | 1 |
_aIndian standards institution . _bISI _c() |
|
| 245 |
_aCode of practice for design and construction of floors and roofs using pre-cast re-inforced concrete ribbed or cored slab units IS:10297-1982 / _cIndian standards institution. _hTextual Documents |
||
| 260 |
_aNew Delhi : _bIndian standards institution , _c1982. |
||
| 300 | _a14 ; . | ||
| 504 | _a | ||
| 942 | _cBK | ||
| 999 |
_c10335 _d10335 |
||